000 00513nam a2200145Ia 4500
008 100122s9999 xx 000 0 und d
082 _b28476
_a821
100 _aबांदकर श्रीकृष्णभट्ट
245 _aसचरित्र कवितासंग्रह
260 _bकृ.ज. थळी
_c1932
300 _a224
630 _aसचरित्र कवितासंग्रह
730 _aसचरित्र कवितासंग्रह
942 _cBOOK
999 _c414105
_d414102